| 000 | 00662nam a22002177a 4500 | ||
|---|---|---|---|
| 001 | 48045 | ||
| 003 | UA-OsUOA | ||
| 005 | 20220501183540.0 | ||
| 007 | ta | ||
| 008 | 20070827b un ||||| |||| 00| 0 ukr d | ||
| 040 |
_aUA-OsUOA _bukr _cUA-OsUOA _dUA-OsUOA |
||
| 041 | _aukr | ||
| 080 | _a82.09(47+57) | ||
| 090 |
_a82.09(47+57) _bП78 |
||
| 245 | _aПроблеми типології сучасного радянського роману | ||
| 260 |
_aК. _bНаукова думка _c1987 |
||
| 300 | _a209 с. | ||
| 650 | 7 |
_a82.09 Літературна критика. Літературні дослідження _2UDC |
|
| 942 |
_cBK _2udc |
||
| 955 | _a2 | ||
| 999 |
_c334145 _d334145 |
||